Kỹ năng quản lý đất đai : (Sách dùng cho giảng viên)

Trình bày một số kiến thức, kĩ năng về trách nhiệm và yêu cầu cơ bản trong quản lí nhà nước về đất đai tại xã, phường, thị trấn, chỉ đạo thực hiện và lập qui hoạch, kế hoạch sử dụng đất trên địa bàn xã, phường, thị trấn. Công tác...

Ausführliche Beschreibung

Gespeichert in:
Bibliographische Detailangaben
1. Verfasser: Nguyễn, Ngọc Hiến
Format: Buch
Sprache:Undetermined
Veröffentlicht: Hà Nội Chính trị Quốc gia 2005
Schlagworte:
Tags: Tag hinzufügen
Keine Tags, Fügen Sie den ersten Tag hinzu!
Thư viện lưu trữ: Trung tâm Học liệu Trường Đại học Cần Thơ
LEADER 01266nam a2200229Ia 4500
001 CTU_115727
008 210402s9999 xx 000 0 und d
020 |c 28000 
082 |a 352.57 
082 |b H305 
100 |a Nguyễn, Ngọc Hiến 
245 0 |a Kỹ năng quản lý đất đai : 
245 0 |b (Sách dùng cho giảng viên) 
245 0 |c Nguyễn Ngọc Hiến (Chủ biên) 
260 |a Hà Nội 
260 |b Chính trị Quốc gia 
260 |c 2005 
520 |a Trình bày một số kiến thức, kĩ năng về trách nhiệm và yêu cầu cơ bản trong quản lí nhà nước về đất đai tại xã, phường, thị trấn, chỉ đạo thực hiện và lập qui hoạch, kế hoạch sử dụng đất trên địa bàn xã, phường, thị trấn. Công tác cấp giấy chứng nhận quyền sử dụng đất, kĩ năng thanh tra, kiểm tra, xử lí tranh chấp đất đai và hòa giải tranh chấp đất đai ở xã, phường, thị trấn. 
650 |a Land use 
650 |x Law and legislation 
904 |i Giang 
980 |a Trung tâm Học liệu Trường Đại học Cần Thơ